|
|
|
|
| LEADER |
00000nam a2200000 4500 |
| 001 |
vtls011896571 |
| 003 |
SK-MaSNL |
| 005 |
20260302060227.0 |
| 007 |
co cg auuua |
| 008 |
191028s2018 xo | fqn 000 0 slo |
| 015 |
|
|
|a SNBS2019
|
| 020 |
|
|
|a 9788055332185
|q (elektronická kniha)
|
| 040 |
|
|
|a SNK
|b slo
|c SNK
|e rda
|
| 041 |
0 |
|
|a slo
|
| 044 |
|
|
|a xo
|c SK
|
| 072 |
|
7 |
|a 330.8
|x Ekonomické teórie, doktríny, smery
|2 konspekt
|
| 080 |
|
|
|a 330.8
|2 2011
|
| 080 |
|
|
|a 929-058.1
|2 2011
|
| 080 |
|
|
|a (048.8)
|2 2011
|
| 080 |
|
|
|a (0.034.44)
|2 2011
|
| 100 |
1 |
|
|a Hricová, Romana,
|d 1970-
|4 aut
|9 494823
|
| 245 |
1 |
0 |
|a Osobnosti ekonomických teórií
|n III.
|p Od marginalistov po súčasnosť
|c Romana Hricová
|
| 250 |
|
|
|a 1. vydanie
|
| 264 |
|
1 |
|a Košice
|b Technická univerzita v Košiciach
|c 2018
|
| 300 |
|
|
|a 1 CD-ROM
|c 12 cm
|
| 336 |
|
|
|a text
|b txt
|2 rdacontent
|
| 337 |
|
|
|a počítač
|b c
|2 rdamedia
|
| 338 |
|
|
|a počítačový disk
|b cd
|2 rdacarrier
|
| 347 |
|
|
|a textový súbor
|b PDF
|2 rda
|
| 500 |
|
|
|a Nad názvom: Technická univerzita v Košiciach, Fakulta výrobných technológií so sídlom v Prešove
|
| 504 |
|
|
|a Obsahuje bibliografiu
|
| 650 |
0 |
7 |
|a ekonomické teórie
|2 SNKPH
|9 2164
|
| 650 |
0 |
7 |
|a dejiny ekonomických teórií
|2 SNKPH
|9 83711
|
| 650 |
0 |
7 |
|a osobnosti
|2 SNKPH
|9 29820
|
| 650 |
0 |
7 |
|a Economic theories
|2 SNKPHeng
|9 267247
|
| 650 |
0 |
7 |
|a History of economic thought
|2 SNKPHeng
|9 341546
|
| 650 |
0 |
7 |
|a Celebrities
|2 SNKPHeng
|9 265203
|
| 655 |
|
7 |
|a monografie
|2 SNKPH
|9 70139
|
| 655 |
|
7 |
|a CD-ROM
|2 SNKPH
|9 70236
|
| 655 |
|
7 |
|a Monographs
|2 SNKPHeng
|9 120675
|
| 710 |
2 |
|
|a Technická univerzita v Košiciach.
|b Fakulta výrobných technológií v Prešove
|4 pbl
|9 176111
|
| 919 |
|
|
|a 978-80-553-3218-5
|
| 958 |
|
|
|a NB
|
| 999 |
|
|
|c 1120418
|d 1122348
|
| 952 |
|
|
|a SNK
|b SNK
|y NEVYP
|7 1
|p 17A1390706
|o snkSCDM 9662/3
|i snk2019/27545
|8 0
|0 0
|1 0
|4 0
|d 2019-10-28
|l 0
|r 2026-02-24 18:29:26
|w 2026-02-24
|